EA FC26 All Gold England Players - Statistics

General Stats
  • This quiz has been taken 176 times
  • The average score is 47 of 115
Answer Stats
Rate Club Answer % Correct
90 Real Madrid Jude Bellingham
99%
88 Arsenal Bukayo Saka
98%
87 Chelsea Cole Palmer
98%
89 Bayern Harry Kane
98%
87 Arsenal Declan Rice
93%
85 Man City Phil Foden
92%
86 Real Madrid Trent Alexander-Arnold
91%
84 Aston Villa Ollie Watkins
88%
84 Everton Jordan Pickford
84%
84 Spurs James Maddison
83%
82 Nottingham Morgan Gibbs-White
81%
83 Arsenal Ben White
79%
83 Newcastle Anthony Gordon
77%
83 Arsenal Eberechi Eze
74%
82 Man City John Stones
73%
80 Everton Jack Grealish
67%
83 West Ham Jarrod Bowen
67%
82 Marseille Mason Greenwood
67%
82 Crystal Palace Marc Guehi
66%
81 Newcastle Nick Pope
66%
81 Atletico Madrid Conor Gallagher
64%
80 Barcelona Marcus Rashford
64%
81 Chelsea Reece James
64%
82 Aston Villa Ezri Konsa
62%
81 Al Ahli Ivan Toney
62%
81 Milan Fikayo Tomori
61%
81 Crystal Palace Dean Henderson
60%
80 Man United Harry Maguire
60%
79 Brentford Jordan Henderson
60%
80 Newcastle Kieran Trippier
58%
82 Aston Villa Morgan Rogers
57%
77 Man City Rico Lewis
57%
77 Newcastle Aaron Ramsdale
53%
79 Burnley Kyle Walker
53%
80 Liverpool Curtis Jones
52%
79 Newcastle Dan Burn
50%
79 Man United Luke Shaw
50%
78 Arsenal Myles Lewis-Skelly
49%
77 Everton Kiernan Dewsbury-Hall
47%
80 Arsenal Noni Madueke
46%
80 Milan Ruben Loftus-Cheek
46%
80 Nottingham Elliot Anderson
44%
77 Man United Kobbie Mainoo
44%
80 Newcastle Lewis Hall
44%
80 Newcastle Tino Livramento
44%
78 Aston Villa Tyrone Mings
44%
79 Crystal Palace Adam Wharton
43%
80 Newcastle Harvey Barnes
43%
80 Chelsea Levi Colwill
41%
80 Spurs Dominic Solanke
40%
81 Newcastle Jacob Murphy
40%
80 Aston Villa Jadon Sancho
40%
79 Liverpool Joe Gomez
40%
80 Everton James Tarkowski
39%
78 Newcastle Jacob Ramsey
38%
78 Chelsea Liam Delap
37%
79 Chelsea Trevoh Chalobah
37%
76 Man City James Trafford
36%
79 Everton Jarrad Branthwaite
36%
78 Aston Villa Harvey Elliott
35%
77 Strasbourg Ben Chilwell
34%
78 Spurs Djed Spence
34%
76 Arsenal Ethan Nwaneri
34%
78 Nottingham Callum Hudson-Odoi
33%
78 West Ham Callum Wilson
33%
78 Chelsea Jamie Gittens
33%
75 Leverkusen Jarell Quansah
33%
77 Brighton Lewis Dunk
33%
77 Man United Mason Mount
33%
77 Besiktas Tammy Abraham
33%
79 Monaco Eric Dier
32%
77 Fulham Emile Smith Rowe
31%
78 Crystal Palace Tyrick Mitchell
29%
75 Spurs Archie Gray
28%
78 Brighton Danny Welbeck
28%
77 Rangers James Tavernier
27%
77 West Ham James Ward-Prowse
27%
76 Bournemouth Marcus Tavernier
27%
78 Chelsea Raheem Sterling
25%
76 Everton James Garner
23%
78 Chelsea Tosin Adarabioyo
23%
76 Newcastle Joe Willock
22%
75 Bologna Jonathan Rowe
22%
75 Leeds Sean Longstaff
22%
75 Nottingham Omari Hutchinson
21%
80 Al Wehda Chris Smalling
20%
77 West Ham Max Kilman
19%
77 Aston Villa Ross Barkley
19%
76 Marseille Angel Gomes
18%
76 Dortmund Carney Chukwuemeka
18%
77 Lyon Ainsley Maitland-Niles
17%
79 Bournemouth Lewis Cook
17%
75 Brighton Solly March
17%
77 Crystal Palace Will Hughes
17%
78 Everton Dwight McNeil
16%
76 Wolves Sam Johnstone
16%
76 Brentford Keane Lewis-Potter
15%
76 Brentford Rico Henry
14%
77 Nottingham Ryan Yates
14%
75 Brighton Adam Webster
13%
75 West Ham Kyle Walker-Peters
12%
76 Ipswich Town Leif Davis
12%
75 Brentford Reiss Nelson
11%
76 Burnley Marcus Edwards
10%
75 Fulham Ryan Sessegnon
10%
75 Rangers Jack Butland
9%
75 Brighton Jack Hinshelwood
9%
75 Ipswich Town Jaden Philogene
9%
75 Seattle Sounders Ryan Kent
9%
75 Leicester City Stephy Mavididi
9%
78 Union SG Christian Burgess
8%
75 Leeds Jayden Bogle
8%
75 Marseille CJ Egan-Riley
5%
76 Ipswich Town Chuba Akpom
4%
76 Sheffield Utd Michael Cooper
4%
No matching quizzes found
Score Distribution
Percent of People with Each Score
Percentile by Number Answered
Your Score History
You have not taken this quiz